| 000 | 00469nam a2200157Ia 4500 | ||
|---|---|---|---|
| 008 | 210716s2009 xx 000 0 und d | ||
| 020 | _a9788131502884 | ||
| 041 | _aeng | ||
| 082 | _a519.5 ANDD | ||
| 100 | _aAnderson, David R;Sweeney, Dennis J;Williams, Thomas A. | ||
| 245 | _aStatistics for business and economics. | ||
| 250 | _a1 | ||
| 260 |
_aNew Delhi _bCengage Learning India Pvt Ltd _c2009 |
||
| 300 | _axxvi,1023 | ||
| 650 | _aStatistical Mathematics(519.5) | ||
| 999 |
_c203868 _d203868 |
||